По на запад, най на запад - Япония (Запис номер 34771)
[ съкратено ]
| 000 -Лидер | |
|---|---|
| Контролно поле с фиксирана дължина | 01682nam a2200349 c 4500 |
| 003 - Код на организацията, давaща контролен номер | |
| Контролно поле | BLK |
| 005 - Дата и час на последна редакция | |
| Контролно поле | 20180422100323.0 |
| 008 - Елементи от данни с фиксирана дължина | |
| fixed length control field | 180408b bul|||||r ||||||| ||bul|| |
| 010 ## - Наследен системен номер | |
| LC control number | KNG00037478000 |
| 020 ## - Международен стандартен номер на книга ISBN | |
| Международен стандартен номер на книга ISBN | 954-529-189-3 |
| -- | издат.: Колибри |
| 040 ## - Източник на каталожния запис | |
| Идентификатор на билиотеката - собственик на записа | BLK |
| 041 ## - Код за език | |
| Код за езика на текст/звукозапис или на отделно заглавие | Български |
| Код за езика КДБФ | Български |
| 080 ## - УДК | |
| Текстов определител УДК | Българска литература |
| УДК код - определител по УДК | 821.163.2 |
| УДК определител | -992 |
| УДК - код + определител | 821.163.2-992 |
| 080 ## - УДК | |
| Текстов определител УДК | Социография. Социално положение. Условия на политическия и социалния живот. Социално и социално-икономическо положение на отделните страни, народи, раси. Социална география. (Общи въпроси) |
| УДК код - определител по УДК | 308 |
| УДК определител | (520) |
| УДК - код + определител | 308(520) |
| 100 1# - Редна дума - Автор | |
| Автор | Илчев, Иван |
| Авторска отговорност | първи автор |
| Автор - информация (биография) | Димитров, Иван Илчев |
| R(LIN) | 366324 |
| 139 ## - Редно поле | |
| Редна дума | Илчев, Иван |
| Авторски знак | Илч - И 58 |
| 245 10 - Сведения за заглавието | |
| Заглавие | По на запад, най на запад - Япония |
| Подзаглавни данни | Писма на един гайджин |
| Редно поле (дума) | Иван Илчев; * Иван Илчев Димитров. |
| 257 ## - Страна на издаване | |
| Страна на създаване/издаване | България |
| 260 ## - Област на издателските данни | |
| -- | София |
| Име на издателя, разпространителя и проч. | Колибри |
| Година на издаване | 2001 |
| Печатница | София : Симолини |
| 300 ## - Физическа характеристика | |
| Страници | 231 с. |
| Размери/Мащаб | 17 см |
| 380 ## - Жанр | |
| Жанр | Худож. лит. |
| 500 ## - Общи забележки | |
| Забележка | Пълното име на авт. е Иван Илчев Димитров. - Офс. изд. |
| 650 #4 - Допълнително описание по предмет – тема | |
| Основно описание – тема или топоним | Япония - пътеписи |
| 9 (RLIN) | 254294 |
| 653 ## - Ключова дума – ненормативна | |
| Ключова дума | Япония |
| 653 ## - Ключова дума – ненормативна | |
| Ключова дума | пътеписи |
| 700 1# - Други автори (авторска отговорност) | |
| Лично име | Димитров, Иван Илчев |
| Автороска отговорност (Описва отношението между автора и произведението) | * |
| 9 (RLIN) | 273868 |
| 852 ## - Местоположение | |
| Форматна сигнатура | Цб І 30443 |
| 856 4# - Електронен адрес и достъп | |
| Електронен формат | pdf - файл |
| Път до файла /url/ | |
| 856 4# - Електронен адрес и достъп | |
| Електронен формат | pdf - файл |
| Път до файла /url/ | |
| 942 ## - АРТИКУЛИ | |
| Вид на библиотечния материал | Книги |
| Скрит в OPAC | Не |
| 944 ## - СЪЗДАВАНЕ И РЕДАКЦИЯ на ЗАПИСА | |
| Създаване/Редакция | Създаване |
| Дата на регистрацията/редакция | 15.01.2003 |
| Служител, извършил регистрацията/редакцията | Людмила_Стоянова |
| 944 ## - СЪЗДАВАНЕ И РЕДАКЦИЯ на ЗАПИСА | |
| Създаване/Редакция | Редакция |
| Дата на регистрацията/редакция | 13.01.2004 |
| Служител, извършил регистрацията/редакцията | |
| 999 ## - СИСТЕМНИ КОНТРОЛНИ НОМЕРА | |
| Koha biblionumber | 34771 |
| Koha biblioitemnumber | 34771 |
| Код за отписване | Код за изгубен артикул | Източник на класификационната схема | Код за повреда | Коз за рестрикции | Код за отдаване | Артикулен № | Име на библиотеката - собственик | Име на библиотеката, в която се намира в момента | Статус (Текущо местоположение) | Дата на вписване в системата | Местоположение - отдел | Цена в лева | Инвентарен номер | Систематично азбучна сигнатура | Баркод | Номер на екземпляра | Цена в евро | Служебна бележка | Служебен тип на артикула |
|---|---|---|---|---|---|---|---|---|---|---|---|---|---|---|---|---|---|---|---|
| Не е изгубен | Universal Decimal Classification | Не е повреден | без рестрикции | ползва се в читалня | 55111 | Регионална библиотека "Любен Каравелов" Русе | Регионална библиотека "Любен Каравелов" Русе | Хранилище | 2001-01-01 | Хранилище | 0.00 | 666737 | Цб I 30443 | 120000666737 | 1 | 0.00 | Дост: Dp Вид: Д N: 29 Дата: 01.01.2001 | Книги |